Forgotten Rivalry Names - Statistics

General Stats
  • This quiz has been taken 8 times
  • The average score is 2 of 13
Answer Stats
Team Name/Color Team Name/Color Rivalry Game % Correct
West Virginia Pitt The Backyard Brawl
83%
Oklahoma Oklahoma State Bedlam Series
33%
Marshall West Virginia Friends of Coal Bowl
17%
South Florida UCF War on I-4
17%
West Virginia Syracuse Ben Schwartzwalder Trophy
0%
Texas Texas Tech Chancellor's Spurs
0%
Navy Maryland Crab Bowl Classic
0%
Penn State Pitt Keystone Classic
0%
Michigan State Notre Dame Megaphone Trophy
0%
Notre Dame Michigan Michigan-Notre Dame
0%
Memphis Ole Miss Mid South Rivalry
0%
Arkansas State Memphis Paint Bucket Bowl
0%
North Texas SMU Safeway Bowl
0%
No matching quizzes found
Score Distribution
Percent of People with Each Score
Percentile by Number Answered
Your Score History
You have not taken this quiz